000 00585nam a2200229Ia 4500
003 OSt
005 20220918173938.0
006 a|||||r|||| 00| 0
007 ta
008 220917b |||||||| |||| 00| 0 eng d
024 _a9,389
037 _cTextual
040 _aARTS
_cARTS
_beng
041 _2eng
_aeng
082 _a241:31, H4
100 _aHeaps Willard A.
_945382
245 0 _aBook selection for secondary school libraries
260 _c1944
650 _aLIBRARY SCIENCE
942 _h241:31, H4
_cTEXL
_2CC
999 _c151038
_d151038